000 00628nam a2200229Ia 4500
003 OSt
005 20220925204444.0
006 a|||||r|||| 00| 0
007 ta
008 220923b |||||||| |||| 00| 0 eng d
037 _cGeneral Book
040 _aRTL
_cRTL
_beng
041 _2eng
_aeng
082 _aX62.55.P0r, P0/GD
110 _aDeutsche Bundesbank.
_9268557
245 0 _aAnnual report 2000.
260 _aGermany
_bDeutsche Bundesbank
_c2001
300 _a180p.
_ccm.
700 _aDeutsche Bundesbank.
_9268558
942 _hX62.55.P0r, P0/GD
_cGB
_2CC
999 _c549463
_d549463